MS/Thesis: Design And Optimization of Diffuser for Horizontal Axis Diffuser Augmented Hydro - Kinetic Turbine (Record no. 523402)
[ view plain ]
| 000 -LEADER | |
|---|---|
| fixed length control field | 00663nam a22002057a 4500 |
| 003 - CONTROL NUMBER IDENTIFIER | |
| control field | NUST |
| 005 - DATE AND TIME OF LATEST TRANSACTION | |
| control field | 20191018120332.0 |
| 008 - FIXED-LENGTH DATA ELEMENTS--GENERAL INFORMATION | |
| fixed length control field | 190213b ||||| |||| 00| 0 eng d |
| 020 ## - INTERNATIONAL STANDARD BOOK NUMBER | |
| Terms of availability | Available |
| 038 ## - RECORD CONTENT LICENSOR | |
| Staff Name | Nusrat Nadeem |
| 040 ## - CATALOGING SOURCE | |
| Original cataloging agency | DLC |
| Language of cataloging | DLC |
| Transcribing agency | RCMS |
| 082 ## - DEWEY DECIMAL CLASSIFICATION NUMBER | |
| Classification number | 004.12 WAL |
| 100 ## - MAIN ENTRY--PERSONAL NAME | |
| Personal name | Khalid Waleed |
| 9 (RLIN) | 13641 |
| 245 ## - TITLE STATEMENT | |
| Title | MS/Thesis: Design And Optimization of Diffuser for Horizontal Axis Diffuser Augmented Hydro - Kinetic Turbine |
| Statement of responsibility, etc. | Waleed Khalid |
| 260 ## - PUBLICATION, DISTRIBUTION, ETC. | |
| Place of publication, distribution, etc. | Islamabad |
| Name of publisher, distributor, etc. | RCMS NUST |
| Date of publication, distribution, etc. | 2019 |
| 300 ## - PHYSICAL DESCRIPTION | |
| Extent | 73,p: |
| Other physical details | ill: |
| Dimensions | 28,cm. |
| 600 ## - SUBJECT ADDED ENTRY--PERSONAL NAME | |
| Form subdivision | Computational Science and Engineering |
| 9 (RLIN) | 24394 |
| 700 ## - ADDED ENTRY--PERSONAL NAME | |
| Relator code | Dr. Salma Sherbaz(Supervisor ) |
| 942 ## - ADDED ENTRY ELEMENTS (KOHA) | |
| Source of classification or shelving scheme | |
| Koha item type | Thesis |
| Withdrawn status | Lost status | Source of classification or shelving scheme | Damaged status | Not for loan | Permanent Location | Current Location | Shelving location | Date acquired | Total Checkouts | Full call number | Barcode | Date last seen | Price effective from | Koha item type |
|---|---|---|---|---|---|---|---|---|---|---|---|---|---|---|
| School of Interdisciplinary Engineering and Sciences (SINES) | School of Interdisciplinary Engineering and Sciences (SINES) | Thesis | 02/13/2019 | 004.12 WAL | RCMS003159 | 02/13/2019 | 02/13/2019 | Thesis |
